Δίκαιο βιομηχανικής ιδιοκτησίας : ένταξή του στην έννομη τάξη

Αποθηκεύτηκε σε:
Λεπτομέρειες βιβλιογραφικής εγγραφής
Κύριος συγγραφέας: Αντωνόπουλος, Βασίλειος Γ.
Μορφή: Βιβλίο
Γλώσσα:Greek
Δημοσίευση: Αθήνα, Κομοτηνή : Σάκκουλα, 1993
Θέματα:
Ετικέτες: Προσθήκη ετικέτας
Δεν υπάρχουν, Καταχωρήστε ετικέτα πρώτοι!

MARC

LEADER 00000nam a2200000 i 4500
001 1/58472
008 960523s1993 gre d
035 |l 10028371 
040 |a GR-MY-UA  |b gre  |e aacr 
041 0 |a gre 
082 0 |a 346.048 
100 1 |a Αντωνόπουλος, Βασίλειος Γ. 
245 1 0 |a Δίκαιο βιομηχανικής ιδιοκτησίας :  |b ένταξή του στην έννομη τάξη /  |c Βασίλης Γ. Αντωνόπουλος 
260 |a Αθήνα, Κομοτηνή :   |b Σάκκουλα,   |c 1993 
300 |a 510 σ. 
504 |a Βιβλιογραφία: σ. 463-484. Ευρετήριο 
650 0 0 |a Industrial property (International law) 
650 0 0 |a Industrial laws and legislation. 
852 |a INST  |b CHIOS  |e 19960523  |h 346.048 ΑΝΤ  |p 005200008273  |q 005200008273  |t BK  |y 0 
852 |a INST  |b CHIOS  |e 20060712  |h 346.048 ΑΝΤ  |p 005200026353  |q 005200026353  |t BK  |y 0 
901 |a BIBL2-2006-2 
909 |a Χ  |b 043133 
909 |a Χ  |b 120102